Corpi estranei : neosituazionisti, antiartisti, anarcoalieni, nomi collettivi /

Saved in:
Bibliografiske detaljer
Hovedforfatter: Echaurren, Pablo (Author)
Format: Bog
Sprog:italiensk
Udgivet: [S. l.] : Stampa alternativa, stampa 2001
Serier:Eretica
Tags: Tilføj Tag
Ingen Tags, Vær først til at tagge denne postø!

MARC

LEADER 00000nam a22000007i 4500
001 IT\ICCU\RAV\0764072
003 ItRI
005 20260115231921.0
008 010724s2001 it |||||| ||||| |||||c
020 |a 8872265886 
020 |a 8872266262 
040 |b ita  |c importazione bologna sebina 
041 7 |a ita  |2 ISO-639-2 
100 1 |a Echaurren, Pablo  |0 IT\ICCU\CFIV\012480  |4 aut 
245 1 0 |a Corpi estranei :  |b neosituazionisti, antiartisti, anarcoalieni, nomi collettivi /  |c Pablo Echaurren. 
260 |a [S. l.] :  |b Stampa alternativa,  |c stampa 2001 
300 |a 190 p. ;  |c 17 cm. 
790 0 |a Paino  |3 IT\ICCU\SBNV\006922  |z Echaurren, Pablo 
830 0 |a Eretica  |0 IT\ICCU\LO1\0401876 
942 |2 ddc  |c BK  |n 0 
952 |0 0  |1 0  |4 0  |6 DOC_858_920000000000000_ECH  |7 0  |9 16439  |a BO  |b BO  |d 2026-01-15  |i 11009  |l 0  |o DOC 858.92 ECH  |p BO11009  |r 2026-01-15 23:19:21  |w 2026-01-15  |x [Sebina 5] [1 v.]  |y BK  |z 1 v. 
999 |c 14096  |d 14096